书目信息 |
| 题名: |
人民的悼念
|
|
| 作者: | ;本书编写组 编 | |
| 分册: | ||
| 出版信息: | 北京 北京出版社 1979.01 |
|
| 页数: | 一卷 | |
| 开本: | 26cm | |
| 丛书名: | ||
| 单 册: | ||
| 中图分类: | J42 | |
| 科图分类: | ||
| 主题词: | 摄影艺术--中国 | |
| 电子资源: | ||
| ISBN: | ||
| 000 | 00541nam0 2200205 45 | |
| 001 | 0209241618 | |
| 005 | 20031219104115.3 | |
| 010 | @dCNY5.00 | |
| 091 | @a8071.307 | |
| 100 | @a20020924d1979 km y0chiy0120 ea | |
| 101 | 0 | @achi |
| 105 | @ac z 000yy | |
| 200 | 1 | @a人民的悼念@ARen Min De Dao Nian@f本书编写组编@FBen Shu Bian Xie Zu Bian |
| 210 | @a北京@c北京出版社@d1979.01 | |
| 215 | @a一卷@d26cm | |
| 606 | 0 | @a摄影艺术@x中国 |
| 690 | @aJ42@v3 | |
| 711 | 02 | @a本书编写组@4编 |
| 801 | @aCN@bTSTC@c20020924 | |
| 905 | @f1@b18933@dJ42@e27 | |
| 人民的悼念/本书编写组编.-北京:北京出版社,1979.01 |
| 一卷;26cm |
| ISBN :CNY5.00 |
| ● |
| 相关链接 |
|
|
|
|
正题名:人民的悼念
索取号:J42/27
 
预约/预借
| 序号 | 登录号 | 条形码 | 馆藏地/架位号 | 状态 | 备注 |
| 1 | 0018932 | 001706835 | 第一样本阅览室/ [索取号:J42/27] | 在馆 | |
| 2 | 0018933 | 001837114 | 第一借阅区/ [索取号:J42/27] | 在馆 |